[Event "Speed Chess (Women) Q4"]
[Site "Chess.com INT"]
[Date "2021.06.03"]
[Round "11"]
[White "Eswaran, Aksithi"]
[Black "Torres Hernandez, Leslie Carolin"]
[Result "0-1"]
[WhiteElo "1745"]
[BlackElo "1884"]
[PlyCount "94"]
[EventDate "2021.06.03"]
[EventType "swiss (blitz)"]
[EventRounds "13"]
[EventCountry "USA"]
[SourceTitle "CBM 202 Extra"]
[Source "ChessBase"]
[SourceDate "2021.07.31"]
[SourceVersion "1"]
[SourceVersionDate "2021.07.31"]
[SourceQuality "1"]

1. e4 c6 2. d4 d5 3. exd5 cxd5 4. Bd3 Nf6 5. c3 Nc6 6. Bf4 Bg4 7. Qb3 Qc8 8. Nd2 e6 9. Ngf3 Be7 10. 0-0 0-0 11. Rfe1 a6 12. h3 Bh5 13. Ne5 Nxe5 14. Bxe5 Bg6 15. Bxg6 hxg6 16. Nf3 b5 17. Qc2 b4 18. Qd3 bxc3 19. bxc3 Qc6 20. Bxf6 Bxf6 21. Ne5 Bxe5 22. Rxe5 Rac8 23. Rc1 Qc4 24. Qg3 Qxa2 25. h4 Qd2 26. Rce1 Rxc3 27. Qg4 Rfc8 28. h5 gxh5 29. Qxh5 Rc1 30. Qe2 Rxe1+ 31. Qxe1 Qxd4 32. Re3 Qb2 33. Kh2 g6 34. Qa5 Kg7 35. Qxa6 Rh8+ 36. Kg3 Qd4 37. Kf3 Qd1+ 38. Kg3 Qh1 39. Qb7 Qh4+ 40. Kf3 Qh5+ 41. Kg3 Qf5 42. f4 g5 43. fxg5 Qxg5+ 44. Kf2 Qf4+ 45. Ke2 Rh1 46. Rf3 Qe4+ 47. Kf2 Qe1# 0-1

[Event "Speed Chess (Women) Q4"]
[Site "Chess.com INT"]
[Date "2021.06.03"]
[Round "10"]
[White "Farhat Willemstein, Stela Souza"]
[Black "Eswaran, Aksithi"]
[Result "0-1"]
[WhiteElo "1758"]
[BlackElo "1745"]
[PlyCount "114"]
[EventDate "2021.06.03"]
[EventType "swiss (blitz)"]
[EventRounds "13"]
[EventCountry "USA"]
[SourceTitle "CBM 202 Extra"]
[Source "ChessBase"]
[SourceDate "2021.07.31"]
[SourceVersion "1"]
[SourceVersionDate "2021.07.31"]
[SourceQuality "1"]

1. e4 c5 2. Nf3 Nc6 3. d4 cxd4 4. Nxd4 Nf6 5. Nc3 e5 6. Ndb5 d6 7. a4 Be6 8. Bd3 a6 9. Na3 Rc8 10. Bg5 Be7 11. 0-0 0-0 12. Bxf6 Bxf6 13. Nd5 Bxd5 14. exd5 Ne7 15. Be4 g6 16. c3 Bg7 17. Bf3 f5 18. Nc2 Qd7 19. Re1 e4 20. Be2 f4 21. Bg4 Nf5 22. Rxe4 h5 23. Bh3 Qc7 24. Nd4 Bxd4 25. cxd4 Qf7 26. Bxf5 Qxf5 27. Re7 Qxd5 28. Qd3 Qf5 29. Qxf5 Rxf5 30. Rxb7 Rd5 31. Rd1 Rxd4 32. f3 Rdc4 33. Rd7 R8c6 34. R7xd6 Rxd6 35. Rxd6 Rc1+ 36. Kf2 Rc2+ 37. Ke1 Rxg2 38. Rd2 Rg1+ 39. Ke2 Ra1 40. b3 Ra3 41. Rb2 Kf7 42. Kd3 Ke6 43. Kc2 Kd5 44. Rb1 Kc5 45. Kb2 Kb4 46. Kc2 Ra2+ 47. Rb2 Rxb2+ 48. Kxb2 g5 49. h3 g4 50. hxg4 hxg4 51. fxg4 f3 52. g5 f2 53. g6 f1Q 54. g7 Qe2+ 55. Kc1 Qg4 56. g8Q Qxg8 57. Kd2 Qxb3 0-1

[Event "Speed Chess (Women) Q3"]
[Site "Chess.com INT"]
[Date "2021.05.30"]
[Round "14"]
[White "Dworakowska, Joanna"]
[Black "Eswaran, Aksithi"]
[Result "1/2-1/2"]
[WhiteElo "2322"]
[BlackElo "1745"]
[PlyCount "191"]
[EventDate "2021.05.30"]
[EventType "swiss (blitz)"]
[EventRounds "21"]
[EventCountry "USA"]
[SourceTitle "CBM 202 Extra"]
[Source "ChessBase"]
[SourceDate "2021.07.31"]
[SourceVersion "1"]
[SourceVersionDate "2021.07.31"]
[SourceQuality "1"]

1. e4 c5 2. Nf3 Nc6 3. d4 cxd4 4. Nxd4 Nf6 5. Nc3 e5 6. Ndb5 d6 7. a4 Be6 8. Be2 Be7 9. 0-0 a6 10. Na3 0-0 11. Nc4 Rc8 12. Ne3 Nd4 13. Ned5 Bxd5 14. exd5 Nd7 15. Bd3 f5 16. f3 Nc5 17. Kh1 Bg5 18. f4 Bf6 19. fxe5 Bxe5 20. Bf4 Qf6 21. Qd2 Rce8 22. Rf2 Bxf4 23. Qxf4 Nxd3 24. cxd3 Qe5 25. Qd2 Qe3 26. Raf1 Qxd2 27. Rxd2 f4 28. Rdf2 g5 29. Ne4 h6 30. Nxd6 Rd8 31. Ne4 Rxd5 32. g3 f3 33. g4 Rf4 34. h3 Rd8 35. Kh2 Rdf8 36. Kg3 Kg7 37. Rc1 Ne2+ 38. Rxe2 fxe2 39. Re1 Rf3+ 40. Kg2 Rxd3 41. Rxe2 Rb3 42. Ng3 Rff3 43. Nf5+ Kf6 44. Rd2 Rfd3 45. Rc2 Ke5 46. Re2+ Kf4 47. Rf2+ Rf3 48. Rd2 Rxh3 49. Rd4+ Ke5 50. Rc4 Rhd3 51. Rc5+ Kf6 52. Rc2 h5 53. Nh6 hxg4 54. Nxg4+ Kf5 55. Nh6+ Kg6 56. Ng4 Kh5 57. Ne5 Kh4 58. Rc4+ Kh5 59. Nxd3 Rxd3 60. Rb4 g4 61. Rxb7 Kh4 62. Rh7+ Kg5 63. Ra7 Rd2+ 64. Kg3 Rxb2 65. Rxa6 Rb3+ 66. Kg2 Ra3 67. Ra5+ Kf4 68. Ra8 Ra2+ 69. Kf1 Kg3 70. Rb8 Rxa4 71. Rb3+ Kh2 72. Rb2+ Kh3 73. Rb3+ g3 74. Rb1 Rf4+ 75. Kg1 Rf2 76. Ra1 Rc2 77. Rb1 Kg4 78. Rb4+ Kf3 79. Rb3+ Kg4 80. Rb4+ Kh3 81. Rb1 Rc3 82. Ra1 g2 83. Rb1 Rf3 84. Rc1 Kg3 85. Rb1 Re3 86. Rc1 Kf3 87. Rb1 Re8 88. Rb3+ Kg4 89. Kxg2 Re2+ 90. Kf1 Re4 91. Kf2 Rf4+ 92. Kg2 Kh4 93. Rh3+ Kg4 94. Rg3+ Kf5 95. Rf3 Rxf3 96. Kxf3 1/2-1/2

[Event "Speed Chess (Women) Q3"]
[Site "Chess.com INT"]
[Date "2021.05.30"]
[Round "3"]
[White "Eswaran, Aksithi"]
[Black "Pavlidou, Ekaterini"]
[Result "1-0"]
[WhiteElo "1745"]
[BlackElo "2157"]
[PlyCount "37"]
[EventDate "2021.05.30"]
[EventType "swiss (blitz)"]
[EventRounds "21"]
[EventCountry "USA"]
[SourceTitle "CBM 202 Extra"]
[Source "ChessBase"]
[SourceDate "2021.07.31"]
[SourceVersion "1"]
[SourceVersionDate "2021.07.31"]
[SourceQuality "1"]

1. e4 c5 2. Nf3 Nc6 3. d4 cxd4 4. Nxd4 g6 5. c4 Bg7 6. Be3 d6 7. Nc3 Nf6 8. Be2 0-0 9. f3 Bd7 10. Qd2 a6 11. 0-0 Ne5 12. b3 Rc8 13. Rac1 b5 14. cxb5 axb5 15. Bxb5 Bxb5 16. Ncxb5 Rxc1 17. Rxc1 Qb6 18. Nc3 Qa6 19. h3 1-0

[Event "Speed Chess (Women) Q3"]
[Site "Chess.com INT"]
[Date "2021.05.30"]
[Round "6"]
[White "Eswaran, Aksithi"]
[Black "Purtseladze, Maka"]
[Result "0-1"]
[WhiteElo "1745"]
[BlackElo "2274"]
[PlyCount "92"]
[EventDate "2021.05.30"]
[EventType "swiss (blitz)"]
[EventRounds "21"]
[EventCountry "USA"]
[SourceTitle "CBM 202 Extra"]
[Source "ChessBase"]
[SourceDate "2021.07.31"]
[SourceVersion "1"]
[SourceVersionDate "2021.07.31"]
[SourceQuality "1"]

1. e4 c6 2. d4 d5 3. exd5 cxd5 4. Bd3 Nf6 5. c3 Nc6 6. Bf4 g6 7. Nf3 Bg7 8. Nbd2 Bg4 9. h3 Bxf3 10. Nxf3 0-0 11. 0-0 Qb6 12. Qd2 Rfe8 13. Bh6 Bh8 14. Rfe1 e6 15. Ne5 Nxe5 16. dxe5 Nd7 17. Qf4 Qxb2 18. Rab1 Qxc3 19. Bb5 Rad8 20. Bxd7 Rxd7 21. Rbc1 Qb2 22. Bg5 d4 23. Bf6 d3 24. Rcd1 Qd4 25. Qg3 Bxf6 26. exf6 Qxf6 27. Rxd3 Rxd3 28. Qxd3 Rd8 29. Qb5 Qe7 30. Rb1 b6 31. a4 Qd7 32. Qe2 Qxa4 33. Qe5 Qd7 34. Ra1 a5 35. Rb1 Qd6 36. Qb5 Ra8 37. Ra1 a4 38. Rc1 a3 39. Ra1 a2 40. Qb2 Qd5 41. Kh2 Qd6+ 42. Kg1 Qa3 43. Qe2 Qc3 44. Qd1 b5 45. Rc1 a1Q 46. Rxa1 Qxa1 0-1

[Event "Speed Chess (Women) Q3"]
[Site "Chess.com INT"]
[Date "2021.05.30"]
[Round "13"]
[White "Eswaran, Aksithi"]
[Black "Starosta, Martyna"]
[Result "0-1"]
[WhiteElo "1745"]
[BlackElo "1910"]
[PlyCount "106"]
[EventDate "2021.05.30"]
[EventType "swiss (blitz)"]
[EventRounds "21"]
[EventCountry "USA"]
[SourceTitle "CBM 202 Extra"]
[Source "ChessBase"]
[SourceDate "2021.07.31"]
[SourceVersion "1"]
[SourceVersionDate "2021.07.31"]
[SourceQuality "1"]

1. e4 e5 2. Nf3 Nc6 3. Bc4 Nf6 4. d3 Be7 5. 0-0 0-0 6. Re1 d6 7. c3 Kh8 8. Nbd2 Ng8 9. Nf1 f5 10. exf5 Bxf5 11. h3 d5 12. Bb3 Bf6 13. Ng3 Bg6 14. Bc2 Bh4 15. Nxh4 Qxh4 16. Be3 d4 17. Bd2 Rf7 18. Qe2 Raf8 19. Rf1 Nge7 20. Rae1 Nd5 21. c4 Nf4 22. Bxf4 Rxf4 23. a3 a5 24. Ba4 Nd8 25. Qxe5 Bxd3 26. Qe8 Bxf1 27. Nxf1 Qxf2+ 28. Kh1 Rxe8 29. Rxe8+ Rf8 30. Rxf8+ Qxf8 31. Kg1 c6 32. Nd2 Qc5 33. Bc2 b5 34. Kf1 bxc4 35. Bd1 c3 36. bxc3 dxc3 37. Ne4 Qc4+ 38. Be2 Qxe4 39. Ke1 c2 40. Kd2 Qxe2+ 41. Kxe2 c1Q 42. Kf3 Qd1+ 43. Kg3 c5 44. Kh2 c4 45. h4 c3 46. h5 c2 47. h6 c1Q 48. hxg7+ Kxg7 49. Kh3 Qh6+ 50. Kg3 Qd3+ 51. Kf2 Qf4+ 52. Kg1 Qde3+ 53. Kh1 Qh4# 0-1

[Event "Speed Chess (Women) Q3"]
[Site "Chess.com INT"]
[Date "2021.05.30"]
[Round "20"]
[White "Eswaran, Aksithi"]
[Black "Von Herman, Brigitte"]
[Result "0-1"]
[WhiteElo "1745"]
[BlackElo "1991"]
[PlyCount "98"]
[EventDate "2021.05.30"]
[EventType "swiss (blitz)"]
[EventRounds "21"]
[EventCountry "USA"]
[SourceTitle "CBM 202 Extra"]
[Source "ChessBase"]
[SourceDate "2021.07.31"]
[SourceVersion "1"]
[SourceVersionDate "2021.07.31"]
[SourceQuality "1"]

1. e4 e5 2. Nf3 Nc6 3. Bc4 Nf6 4. d3 Bc5 5. 0-0 d6 6. c3 a6 7. Bb3 Ba7 8. Be3 h6 9. h3 g5 10. Nbd2 g4 11. hxg4 Bxg4 12. Qc2 Nh5 13. Nh2 Bd7 14. Ndf3 Qf6 15. Qd2 0-0-0 16. d4 Rdg8 17. d5 Bxe3 18. Qxe3 Nb8 19. c4 Nf4 20. g3 h5 21. Kh1 Nh3 22. c5 h4 23. Nxh4 dxc5 24. Ng2 Ng5 25. d6 cxd6 26. Nh4 Rh5 27. Rfd1 Rgh8 28. Rd5 Nc6 29. Rad1 Nd4 30. Kg1 Qh6 31. Ba4 Bxa4 32. b3 Bd7 33. Rc1 Rxh4 34. gxh4 Qxh4 35. Qg3 Qxe4 36. Rxd6 Rxh2 37. Qxh2 Ngf3+ 38. Kh1 Nxh2+ 39. Kxh2 b6 40. Kg1 Qg4+ 41. Kf1 Nf3 42. Rxb6 Qg1+ 43. Ke2 Qxc1 44. Kxf3 Qf4+ 45. Ke2 Kc7 46. Rxa6 Bb5+ 47. Kd1 Bxa6 48. Kc2 Qxf2+ 49. Kc3 Qxa2 0-1

[Event "Speed Chess (Women) Q3"]
[Site "Chess.com INT"]
[Date "2021.05.30"]
[Round "16"]
[White "Eswaran, Aksithi"]
[Black "Zakirova, Aisha"]
[Result "1-0"]
[WhiteElo "1745"]
[BlackElo "1585"]
[PlyCount "89"]
[EventDate "2021.05.30"]
[EventType "swiss (blitz)"]
[EventRounds "21"]
[EventCountry "USA"]
[SourceTitle "CBM 202 Extra"]
[Source "ChessBase"]
[SourceDate "2021.07.31"]
[SourceVersion "1"]
[SourceVersionDate "2021.07.31"]
[SourceQuality "1"]

1. e4 c5 2. Nf3 d6 3. d4 cxd4 4. Nxd4 Nf6 5. Nc3 Nc6 6. Be2 e5 7. Nb3 Be6 8. Bg5 Be7 9. 0-0 0-0 10. Qd2 h6 11. Bxf6 Bxf6 12. Nd5 Bg5 13. Qd1 Rc8 14. c4 f5 15. exf5 Bxf5 16. Bg4 Qd7 17. Bxf5 Qxf5 18. Ne3 Bxe3 19. fxe3 Qe6 20. c5 d5 21. Qe2 e4 22. Nd4 Nxd4 23. exd4 Rf6 24. Qe3 Rcf8 25. Rxf6 Qxf6 26. b4 Qc6 27. a4 a6 28. Qb3 Kh8 29. b5 Qf6 30. Qe3 Qg6 31. Re1 Rf3 32. Qe2 Rd3 33. Qf2 Kh7 34. c6 bxc6 35. bxa6 c5 36. dxc5 Qxa6 37. Qf5+ Qg6 38. Qxg6+ Kxg6 39. Rc1 d4 40. c6 Ra3 41. c7 d3 42. c8Q d2 43. Qg4+ Kh7 44. Qxe4+ Kh8 45. Rc8# 1-0

[Event "Speed Chess (Women) Q3"]
[Site "Chess.com INT"]
[Date "2021.05.30"]
[Round "12"]
[White "Kiran, Manisha Mohanty"]
[Black "Eswaran, Aksithi"]
[Result "0-1"]
[WhiteElo "2168"]
[BlackElo "1745"]
[PlyCount "56"]
[EventDate "2021.05.30"]
[EventType "swiss (blitz)"]
[EventRounds "21"]
[EventCountry "USA"]
[SourceTitle "CBM 202 Extra"]
[Source "ChessBase"]
[SourceDate "2021.07.31"]
[SourceVersion "1"]
[SourceVersionDate "2021.07.31"]
[SourceQuality "1"]

1. e4 c5 2. Nf3 Nc6 3. d4 cxd4 4. Nxd4 Nf6 5. Nc3 e5 6. Ndb5 d6 7. Bg5 a6 8. Na3 Be6 9. Bxf6 Qxf6 10. Nc4 Qd8 11. Ne3 Be7 12. Ncd5 Bg5 13. Bd3 Ne7 14. 0-0 Bxd5 15. Nxd5 Nxd5 16. exd5 0-0 17. Qg4 g6 18. c4 f5 19. Qd1 Rc8 20. b4 Qe7 21. f4 Bxf4 22. Rxf4 exf4 23. Qf3 Qe5 24. Rc1 Qd4+ 25. Kh1 Rfe8 26. h4 Re3 27. Qf1 Qxd3 28. Qxd3 Rxd3 0-1

[Event "Speed Chess (Women) Q3"]
[Site "Chess.com INT"]
[Date "2021.05.30"]
[Round "7"]
[White "Tanishka, Kotia"]
[Black "Eswaran, Aksithi"]
[Result "0-1"]
[WhiteElo "1849"]
[BlackElo "1745"]
[PlyCount "102"]
[EventDate "2021.05.30"]
[EventType "swiss (blitz)"]
[EventRounds "21"]
[EventCountry "USA"]
[SourceTitle "CBM 202 Extra"]
[Source "ChessBase"]
[SourceDate "2021.07.31"]
[SourceVersion "1"]
[SourceVersionDate "2021.07.31"]
[SourceQuality "1"]

1. e4 c5 2. c3 d5 3. exd5 Qxd5 4. d4 Nc6 5. Nf3 Bg4 6. Be2 e6 7. 0-0 Nf6 8. Be3 Be7 9. dxc5 Qxd1 10. Rxd1 Nd5 11. Bd4 0-0 12. h3 Bf5 13. Nbd2 Rac8 14. Nb3 f6 15. Bc4 Bc2 16. Rd2 Bxb3 17. Bxb3 Rfd8 18. Re1 Kf7 19. Red1 Kf8 20. Ne1 e5 21. Be3 Nxe3 22. fxe3 Bxc5 23. Rd7 Bxe3+ 24. Kh2 Bf4+ 25. g3 Be3 26. Ng2 Bb6 27. Rf7+ Ke8 28. Rxg7 Rxd1 29. Bxd1 Rc7 30. Bh5+ Kd8 31. Rg8+ Kd7 32. Rg7+ Kd6 33. Rg8 a5 34. Ne3 Bxe3 35. Rh8 Kc5 36. Rf8 Kb6 37. Rxf6 Rd7 38. Re6 Rd2+ 39. Kh1 Rxb2 40. Be8 Rxa2 41. Bxc6 bxc6 42. Rxe5 Bc5 43. Rh5 Ra3 44. Rxh7 Rxc3 45. Rh8 Rxg3 46. Kh2 Rd3 47. h4 a4 48. h5 a3 49. h6 a2 50. Ra8 Ra3 51. h7 Rxa8 0-1

[Event "Speed Chess (Women) Q2"]
[Site "Chess.com INT"]
[Date "2021.05.29"]
[Round "9"]
[White "Eswaran, Aksithi"]
[Black "Mohota, Nisha"]
[Result "0-1"]
[WhiteElo "1745"]
[BlackElo "2195"]
[PlyCount "60"]
[EventDate "2021.05.29"]
[EventType "swiss (blitz)"]
[EventRounds "13"]
[EventCountry "USA"]
[SourceTitle "CBM 202 Extra"]
[Source "ChessBase"]
[SourceDate "2021.07.31"]
[SourceVersion "1"]
[SourceVersionDate "2021.07.31"]
[SourceQuality "1"]

1. e4 Nf6 2. e5 Nd5 3. c4 Nb6 4. c5 Nd5 5. Nc3 c6 6. Nxd5 cxd5 7. d4 d6 8. cxd6 exd6 9. Nf3 Nc6 10. Be2 Be7 11. 0-0 0-0 12. Bf4 Be6 13. Qd2 Rc8 14. Rac1 Bg4 15. h3 Bf5 16. Bg3 Be4 17. Rfe1 h6 18. Qe3 Re8 19. Nd2 dxe5 20. Bxe5 Nxe5 21. dxe5 Bb4 22. Red1 Rxc1 23. Rxc1 Rxe5 24. Bg4 Qe7 25. Nxe4 dxe4 26. Rc8+ Kh7 27. Qb3 Bc5 28. Qc3 Bb6 29. Kh1 e3 30. Qc2+ g6 0-1